000 00401nam a2200109Ia 4500
008 200626s9999 xx 000 0 und d
020 _a978-971-584-558-8
100 _aJacob-Guggenheim, Liza
245 _cLiza Jacob-Guggenheim, Mary Anne Ramos-Tsumanan.--
_aCompetency-based learning guide in:
_bBeverage management:/
260 _aQuezon City:
_bC & E Publishing, Inc.
_c2007
300 _axiii, 176 pages
999 _c363860
_d363860